000 00977nam a2200241 a 4500
001 13562
003 BD-JhCC
005 20240201140637.0
008 240201b2018 b a|||| ||a| 000 0 b d
020 _a9789849361732
035 _a(BD-JhCC)13562
040 _aBD-JhCC
_dBD-JhCC
041 _aBengali
082 _a813.6
_bDOY 208
100 _aডয়েল,স্যার আর্থার কোনান
245 _aদ্য অ্যাডভেঞ্চার্স অব শার্লক হোমস /
_cস্যার আর্থার কোনান ডয়েল,অনু: সেলিম আখতার।
260 _aঢাকা:
_bগ্রন্থরাজ্য;
_c2018.
300 _a174 p. :
_bill;
_c22 cn.
650 _aHolmes, Sherlock
_vChildren's stories, English
_xDetective and mystery stories, English
_zWatson, John H. (Fictitious character)
700 _aআখতার,সেলিম
942 _2ddc
_cBK
999 _c13562
_d13562